| LEADER | 01831nam a2200241 4500 | ||
|---|---|---|---|
| 082 | |a 895.922134 |b NG527TH | ||
| 100 | |a NGuyễn Thiên Sơn | ||
| 245 | |a Khoảnh khắc |c Nguyễn Thiên Sơn |b Thơ | ||
| 260 | |a Huế: |b Thuận Hóa, |c 1998 | ||
| 300 | |a 67tr; |c 19cm | ||
| 520 | |a vv | ||
| 653 | |a Văn học | ||
| 942 | |2 ddc |c STK0 | ||
| 999 | |c 3811 |d 3811 | ||
| 952 | |0 0 |1 0 |2 ddc |4 0 |6 895_922134000000000_NG527TH |7 1 |8 800 |9 38798 |a qbu |b qbu |c D5 |d 2014-12-17 |g 25000 |o 895.922134 NG527TH |p 3896.C1 |r 0000-00-00 |w 2014-12-17 |y STK0 | ||
| 952 | |0 0 |1 0 |2 ddc |4 0 |6 895_922134000000000_NG527TH |7 0 |8 800 |9 38799 |a qbu |b qbu |c D5 |d 2014-12-17 |g 25000 |o 895.922134 NG527TH |p 3896.C2 |r 0000-00-00 |w 2014-12-17 |y STK0 | ||
| 952 | |0 0 |1 0 |2 ddc |4 0 |6 895_922134000000000_NG527TH |7 0 |8 800 |9 38800 |a qbu |b qbu |c D5 |d 2014-12-17 |g 25000 |o 895.922134 NG527TH |p 3896.C3 |r 0000-00-00 |w 2014-12-17 |y STK0 | ||
| 952 | |0 0 |1 0 |2 ddc |4 0 |6 895_922134000000000_NG527TH |7 0 |8 800 |9 38801 |a qbu |b qbu |c D5 |d 2014-12-17 |g 25000 |o 895.922134 NG527TH |p 3896.C4 |r 0000-00-00 |w 2014-12-17 |y STK0 | ||
| 952 | |0 0 |1 0 |2 ddc |4 0 |6 895_922134000000000_NG527TH |7 0 |8 800 |9 38802 |a qbu |b qbu |c D5 |d 2014-12-17 |g 25000 |o 895.922134 NG527TH |p 3896.C5 |r 0000-00-00 |w 2014-12-17 |y STK0 | ||
| 952 | |0 0 |1 0 |2 ddc |4 0 |6 895_922134000000000_NG527TH |7 0 |8 800 |9 38803 |a qbu |b qbu |c D5 |d 2014-12-17 |g 25000 |o 895.922134 NG527TH |p 3896.C6 |r 0000-00-00 |w 2014-12-17 |y STK0 | ||
| 952 | |0 0 |1 0 |2 ddc |4 0 |6 895_922134000000000_NG527TH |7 0 |8 800 |9 38804 |a qbu |b qbu |c D5 |d 2014-12-17 |g 25000 |l 1 |o 895.922134 NG527TH |p 3896.C7 |r 2018-05-23 |s 2018-05-23 |w 2014-12-17 |y STK0 | ||
| 952 | |0 0 |1 0 |2 ddc |4 0 |6 895_922134000000000_NG527TH |7 0 |8 800 |9 38805 |a qbu |b qbu |c D5 |d 2014-12-17 |g 25000 |o 895.922134 NG527TH |p 3896.C8 |r 0000-00-00 |w 2014-12-17 |y STK0 | ||
| 952 | |0 0 |1 0 |2 ddc |4 0 |6 895_922134000000000_NG527TH |7 0 |8 800 |9 38806 |a qbu |b qbu |c D5 |d 2014-12-17 |g 25000 |o 895.922134 NG527TH |p 3896.C9 |r 0000-00-00 |w 2014-12-17 |y STK0 | ||